00285nam a2200121Ia 4500008004100000082001400041100002000055245002000075250000800095260002300103300001000126650002700136150201s2009 xx 000 0 und d a610bM09H aHOSSAIN & GUPTA aTB. OF MEDICINE a1ST bAITBSaDELHIc2009 a1-717 aMEDICINE AND DIAGNOSIS